000 00275nam a2200109Ia 4500
005 20251222143154.0
008 251222s9999||||xx |||||||||||||| ||spa||
082 _a338.479.1/F75
245 0 _aForo de Desarrollo Turistico para la Excelencia
264 _bMITINCI
942 _cLIB
999 _c12795
_d12795